[Event "Let's Play Chess!"]
[Site "http://www.queenalice.com/game.php?id=385550"]
[Date "2008.4.11"]
[Round "-"]
[White "BobySponja"]
[Black "WickedProfessor"]
[Result "1/2-1/2"]
[WhiteElo "1775"]
[BlackElo "1500"]

1. e4 c5 2. Nf3 Nc6 3. Bb5 g6 4. Bxc6 dxc6 5. Ne5 Be6 6. d3 Bg7 7. Nf3 Bg4 8.
Nbd2 Nf6 9. h3 Be6 10. e5 Nd7 11. O-O Nxe5 12. Nxe5 Bxe5 13. Re1 Bc7 14. Nf3 Qd6
15. g3 Bxh3 16. Bf4 Qd7 17. Bxc7 Qxc7 18. Re3 Bg4 19. Qd2 Bxf3 20. Rxf3 O-O-O
21. Rxf7 c4 22. Qh6 cxd3 23. cxd3 Qd6 24. Qg7 Rde8 25. Re1 Kd7 26. d4 Qb4 27.
Rexe7+ Rxe7 28. Rxe7+ Qxe7 29. Qxh8 Qe1+ 30. Kg2 Qe4+ 31. Kg1 Qe1+ 1/2-1/2

[Event "Challenge"]
[Site "http://www.queenalice.com/game.php?id=391214"]
[Date "2008.4.21"]
[Round "-"]
[White "Peninha"]
[Black "WickedProfessor"]
[Result "1-0"]
[WhiteElo "1592"]
[BlackElo "1610"]

1. d4 d5 2. Nf3 Nc6 3. Nc3 Nf6 4. Bg5 Bg4 5. h3 Bxf3 6. exf3 e6 7. f4 Be7 8. Bb5
O-O 9. O-O a6 10. Ba4 b5 11. Bb3 1-0

[Event "Let's Play Chess!"]
[Site "http://www.queenalice.com/game.php?id=640614"]
[Date "2009.8.22"]
[Round "-"]
[White "WickedProfessor"]
[Black "igorjava"]
[Result "0-1"]
[WhiteElo "1568"]
[BlackElo "1901"]

1. d4 d5 2. Nf3 Nf6 3. e3 Bg4 4. h3 Bh5 5. g4 Bg6 6. Ne5 e6 7. Nxg6 hxg6 8. g5
Ne4 9. h4 Bb4+ 10. c3 Ba5 11. Nd2 Nc6 12. f4 Ng3 13. Rg1 Nf5 14. Nf3 f6 15. Bb5
Qd6 16. gxf6 gxf6 17. Rxg6 O-O-O 18. Bd3 Nxh4 19. Nxh4 Rxh4 20. Rxf6 Rg8 21. Kd2
Rh2+ 22. Be2 Rgg2 0-1

[Event "Challenge"]
[Site "http://www.queenalice.com/game.php?id=673616"]
[Date "2009.10.28"]
[Round "-"]
[White "BrennoMoreira"]
[Black "WickedProfessor"]
[Result "0-1"]
[WhiteElo "1387"]
[BlackElo "1642"]

1. c4 e5 2. e4 Nc6 3. Qh5 Nf6 4. Qh4 Be7 5. d3 Nd4 6. Kd1 d6 7. f4 Nxe4 8. Qh5
Bg4+ 9. Qxg4 Nf2+ 10. Ke1 Nxg4 11. fxe5 Nc2+ 12. Kd1 Nxa1 13. h3 Nf2+ 14. Ke1
Nxh1 15. exd6 Qxd6 16. Be3 Nc2+ 17. Kd2 Nxe3 18. Kxe3 O-O-O 19. Nc3 Qd4+ 20. Kd2
Qf2+ 21. Kc1 Qxf1+ 22. Nd1 Bg5+ 0-1

[Event "Let's Play Chess!"]
[Site "http://www.queenalice.com/game.php?id=675279"]
[Date "2009.10.31"]
[Round "-"]
[White "WickedProfessor"]
[Black "MrGreen"]
[Result "0-1"]
[WhiteElo "1606"]
[BlackElo "1973"]

1. d4 Nf6 2. Nf3 d5 3. e3 g6 4. Nc3 Nc6 5. Bb5 Bg7 6. O-O O-O 7. Re1 Qd6 8. Bxc6
Qxc6 9. b3 Qxc3 10. Bd2 Qc6 11. Ne5 Qd6 12. c4 c5 13. Bc3 Bf5 0-1

[Event "Let's Play Chess!"]
[Site "http://www.queenalice.com/game.php?id=675282"]
[Date "2009.10.31"]
[Round "-"]
[White "oxidare"]
[Black "WickedProfessor"]
[Result "1-0"]
[WhiteElo "1701"]
[BlackElo "1632"]

1. d4 d5 2. h3 Nf6 3. Nf3 e6 4. e3 a6 5. Bd3 Nc6 6. a3 Bd6 7. O-O O-O 8. c3 e5
9. dxe5 Nxe5 10. Nxe5 Bxe5 11. Nd2 Be6 12. Nf3 Nd7 13. Nxe5 Nxe5 14. Bb1 Qe7 15.
Qc2 Ng6 16. f4 f5 17. Bd2 Nh4 18. Qd1 Rf6 19. b4 Rg6 20. Rf2 d4 21. cxd4 Bd5 22.
g4 fxg4 23. Bxg6 1-0

[Event "Let's Play Chess!"]
[Site "http://www.queenalice.com/game.php?id=681491"]
[Date "2009.11.12"]
[Round "-"]
[White "BobySponja"]
[Black "WickedProfessor"]
[Result "1-0"]
[WhiteElo "1838"]
[BlackElo "1562"]

1. e4 d5 2. exd5 Qxd5 3. Nf3 Nf6 4. d4 Bg4 5. Nc3 Qe6+ 6. Be3 Nbd7 7. Bb5 O-O-O
8. a4 c6 9. Be2 Nc5 10. O-O Nce4 11. Nxe4 Nxe4 12. c4 Qg6 13. Nh4 1-0

[Event "Let's Play Chess!"]
[Site "http://www.queenalice.com/game.php?id=681496"]
[Date "2009.11.12"]
[Round "-"]
[White "WickedProfessor"]
[Black "BobySponja"]
[Result "1-0"]
[WhiteElo "1551"]
[BlackElo "1867"]

1. d4 e5 2. dxe5 Nc6 3. Nf3 d6 4. Bg5 Be7 5. exd6 cxd6 6. Bxe7 Qxe7 7. e3 Nf6 8.
Bb5 O-O 9. Nc3 Ne5 10. Nd5 Nxf3+ 11. Qxf3 Nxd5 12. Qxd5 Be6 13. Qe4 a6 14. Bc4
Rfe8 15. Bxe6 fxe6 16. O-O-O d5 17. Qd4 b5 18. Rhe1 Rec8 19. c3 Qc7 20. Kb1 a5
21. Rc1 a4 22. f4 a3 23. b3 Qf7 24. e4 Qxf4 25. exd5 Qxh2 26. Qe4 exd5 27. Qxd5+
Kh8 28. Rh1 Qxg2 29. Qxg2 1-0

[Event "Let's Play Chess!"]
[Site "http://www.queenalice.com/game.php?id=691281"]
[Date "2009.12.1"]
[Round "-"]
[White "WickedProfessor"]
[Black "BobySponja"]
[Result "1-0"]
[WhiteElo "1604"]
[BlackElo "1632"]

1. d4 e5 2. dxe5 d6 3. Nf3 dxe5 4. Qxd8+ Kxd8 5. Nxe5 Nf6 6. Nxf7+ Ke8 7. Nxh8
Nc6 8. e3 Be6 9. Bb5 Bd5 10. Nc3 Bxg2 11. Rg1 Bf3 12. Rg3 Bh5 13. Rg5 Rd8 14.
Re5+ Be7 15. e4 a6 16. Bxc6+ bxc6 17. Bg5 Kf8 18. Bxf6 Bxf6 19. Rxh5 Kg8 20. Rd1
Kxh8 21. Rxd8+ Bxd8 22. Rc5 1-0

[Event "Let's Play Chess!"]
[Site "http://www.queenalice.com/game.php?id=691285"]
[Date "2009.12.1"]
[Round "-"]
[White "BobySponja"]
[Black "WickedProfessor"]
[Result "0-1"]
[WhiteElo "1632"]
[BlackElo "1633"]

1. e4 d5 2. exd5 Qxd5 3. Nf3 Bg4 4. d4 Nc6 5. Nc3 Qa5 6. Be2 O-O-O 7. O-O Bxf3
8. Bxf3 Nxd4 9. Bg4+ e6 10. Bd2 c6 11. a3 Nf6 12. b4 Qc7 13. f3 c5 14. b5 Nd5
15. Nxd5 Rxd5 16. a4 Qb6 17. c4 Re5 18. a5 Qd8 19. Bf4 Ne2+ 20. Kh1 Nxf4 21. Qb3
Qd2 22. Bh3 Re2 23. Rg1 Nxh3 24. Rgd1 Nf2+ 25. Kg1 Nxd1 26. Rxd1 Re1+ 0-1

[Event "Let's Play Chess!"]
[Site "http://www.queenalice.com/game.php?id=693181"]
[Date "2009.12.5"]
[Round "-"]
[White "WickedProfessor"]
[Black "miguelnalexandre"]
[Result "0-1"]
[WhiteElo "1664"]
[BlackElo "1665"]

1. d4 d5 2. Nf3 e6 3. e3 Nf6 4. Bd3 Be7 5. O-O O-O 6. b3 b6 7. Bb2 Nbd7 8. Nc3
Bb7 9. Re1 c5 10. Ne5 cxd4 11. Nxd7 Qxd7 12. exd4 a6 13. Re3 Rac8 14. Rh3 h6 15.
Ne2 Ne4 16. Bxe4 dxe4 17. Nf4 Qc7 18. Nh5 Qc6 19. d5 Qxd5 20. Qxd5 exd5 21. Bxg7
Rfd8 22. Bxh6 Rxc2 23. Nf6+ Bxf6 0-1

[Event "Let's Play Chess!"]
[Site "http://www.queenalice.com/game.php?id=694036"]
[Date "2009.12.6"]
[Round "-"]
[White "WickedProfessor"]
[Black "talisman77"]
[Result "0-1"]
[WhiteElo "1643"]
[BlackElo "1744"]

1. d4 Nf6 2. Nf3 d5 3. e3 Nc6 4. Bd3 e6 5. O-O Bb4 6. Bd2 Bxd2 7. Qxd2 O-O 8.
Nc3 Qe7 9. Ng5 h6 10. Nf3 Re8 11. Rfe1 a6 12. Ne5 Nxe5 13. dxe5 Nd7 14. f4 Nf8
15. f5 exf5 16. Nxd5 Qxe5 17. e4 Ne6 18. Rf1 fxe4 19. Ne7+ Rxe7 0-1

[Event "Let's Play Chess!"]
[Site "http://www.queenalice.com/game.php?id=695356"]
[Date "2009.12.9"]
[Round "-"]
[White "BobySponja"]
[Black "WickedProfessor"]
[Result "0-1"]
[WhiteElo "1765"]
[BlackElo "1634"]

1. e4 d5 2. exd5 Qxd5 3. Nf3 Bg4 4. Nc3 Qe6+ 5. Be2 Bxf3 6. gxf3 Nc6 7. d4 O-O-O
8. Be3 g6 9. h4 Bg7 10. d5 Qf6 11. Bd3 Nd4 12. Be4 e5 13. Bxd4 exd4 14. Nb5 Qb6
15. Qd3 Qa5+ 16. Ke2 Nf6 17. a3 Nxe4 18. fxe4 Rhe8 19. b4 Qb6 20. a4 Rxd5 21. c4
Rde5 22. c5 Rxe4+ 23. Kf1 Qa6 24. Qh3+ f5 25. Qg3 Be5 26. Qg5 d3 27. Qh6 Bxa1
28. Qxh7 Re1+ 29. Kg2 Qc6+ 30. Kg3 f4+ 31. Kg4 Qg2+ 0-1

[Event "Let's Play Chess!"]
[Site "http://www.queenalice.com/game.php?id=697274"]
[Date "2009.12.12"]
[Round "-"]
[White "WickedProfessor"]
[Black "BobySponja"]
[Result "1/2-1/2"]
[WhiteElo "1628"]
[BlackElo "1720"]

1. d4 d6 2. Nf3 Nc6 3. e3 Nf6 4. Bb5 Bd7 5. O-O a6 6. Bxc6 Bxc6 7. Nc3 e6 8. b3
Be7 9. Bb2 b5 10. Re1 Qb8 11. b4 Qb7 12. Qe2 Bxf3 13. Qxf3 Qxf3 14. gxf3 h5 15.
Kh1 h4 16. Bc1 h3 17. Rg1 g6 18. e4 c6 19. e5 dxe5 20. dxe5 Nd5 21. Nxd5 cxd5
22. Rg4 Rh4 23. Rxh4 Bxh4 24. Be3 Rc8 25. Rc1 Rc3 26. Kg1 Ra3 27. Ra1 Be7 28.
Bc5 Rxf3 29. Bxe7 Kxe7 30. Re1 Kd7 31. Re3 Rf4 32. Rxh3 Ke7 33. c3 g5 34. Kg2
Re4 35. Re3 Rxe3 36. fxe3 f6 37. exf6+ Kxf6 38. Kg3 Kf5 39. h3 e5 40. a3 Ke4 41.
Kg4 Kxe3 42. Kxg5 Kd3 43. h4 e4 44. h5 e3 45. h6 e2 46. h7 e1=Q 47. h8=Q Qg3+
48. Kf6 Qf4+ 49. Ke6 Qg5 50. Qd4+ Kc2 51. Qf2+ 1/2-1/2

[Event "Let's Play Chess!"]
[Site "http://www.queenalice.com/game.php?id=814391"]
[Date "2010.8.6"]
[Round "-"]
[White "WickedProfessor"]
[Black "shobby55"]
[Result "1-0"]
[WhiteElo "1648"]
[BlackElo "1590"]

1. d4 d5 2. Nf3 h6 3. Nc3 e6 4. b3 Nf6 5. e3 Bb4 6. Qd3 Bxc3+ 7. Qxc3 O-O 8. Bd3
Nbd7 9. O-O c6 10. Ne5 Qe7 11. f4 Ne4 12. Bxe4 dxe4 13. a4 Nf6 14. h3 Bd7 15.
Ba3 Nd5 16. Bxe7 Nxc3 17. Bxf8 Kxf8 18. Nxd7+ Ke7 19. Ne5 Ne2+ 20. Kf2 Nc3 21.
Rae1 Nd5 22. Kg3 Nb4 23. c4 a5 24. f5 f6 25. Ng6+ Kf7 26. Nf4 exf5 27. Ne2 Nd3
28. Nf4 g6 29. Nxd3 exd3 30. Rf2 Re8 31. Rd2 Re4 32. Rxd3 h5 33. d5 Ke7 34. Kf3
cxd5 35. Rd4 1-0

[Event "Let's Play Chess!"]
[Site "http://www.queenalice.com/game.php?id=814392"]
[Date "2010.8.6"]
[Round "-"]
[White "utilizator33"]
[Black "WickedProfessor"]
[Result "0-1"]
[WhiteElo "1617"]
[BlackElo "1662"]

1. d4 d5 2. h3 Nc6 3. e3 Nf6 4. Nf3 b6 5. Bd3 g6 6. O-O Bg7 7. Bb5 Bd7 8. Bxc6
Bxc6 9. Ne5 Bb5 10. Re1 O-O 11. Nd2 Ne4 12. Ndf3 f6 13. Nd3 Qd6 14. a4 Bxd3 15.
Qxd3 f5 16. c3 Bf6 17. b4 c6 18. Ne5 Bxe5 19. dxe5 Qxe5 20. Qd4 Qxd4 21. cxd4
Rf6 22. b5 cxb5 23. axb5 e6 24. Bb2 Rc8 25. Rec1 Rxc1+ 26. Bxc1 Rf7 27. Ba3 Nc3
28. Bd6 Nxb5 29. Be5 Rb7 30. Kf1 a5 31. g3 Nc3 32. Ra3 Ne4 33. Ke2 Kf7 34. g4
fxg4 35. hxg4 Ng5 36. f4 Ne4 37. Kf3 Nd2+ 38. Ke2 Nc4 39. Kd3 Nxe5+ 40. dxe5 Rb8
41. Kd4 Rc8 42. e4 Rc4+ 43. Ke3 Rxe4+ 44. Kf3 Rb4 45. Rc3 Rc4 46. Rb3 Rb4 47.
Rc3 a4 48. Rc7+ Ke8 49. Rc6 Rb3+ 50. Ke2 a3 51. Rc8+ Kd7 52. Ra8 b5 53. Ra7+ Kc6
54. Ra6+ Kb7 55. Ra5 Kb6 56. Ra8 b4 57. Kd2 Rb2+ 58. Kd3 a2 59. g5 Rb3+ 60. Kc2
Ra3 61. Rxa3 bxa3 0-1

[Event "Let's Play Chess!"]
[Site "http://www.queenalice.com/game.php?id=857293"]
[Date "2010.11.12"]
[Round "-"]
[White "WickedProfessor"]
[Black "igorjava"]
[Result "1-0"]
[WhiteElo "1676"]
[BlackElo "1841"]

1. d4 d5 2. e3 Nf6 3. Bd3 Bg4 4. f3 Bd7 5. Ne2 e6 6. O-O c5 7. c3 c4 8. Bc2 Bd6
9. Nd2 O-O 10. f4 b5 11. b3 a5 12. a4 cxb3 13. Bxb3 b4 14. c4 dxc4 15. Nxc4 Bc7
16. Ng3 Bc6 17. Ne5 Bb7 18. Bc2 Nd5 19. Bb2 Nxe3 20. Bxh7+ Kxh7 21. Qh5+ Kg8 22.
Rfe1 Nc2 23. Ne4 Nxa1 24. Ng5 Re8 25. Qxf7+ Kh8 26. Ng6# 1-0